| 000 | 00360nam a22001337a 4500 | ||
|---|---|---|---|
| 082 |
_a940.18 _bATI _cL-31, P-8 |
||
| 100 |
_aAtiya, S.Aziz _946229 |
||
| 245 | _aCrusade, Commerce and culture | ||
| 260 |
_aLondon _bOxford university press _c1962 |
||
| 300 |
_a280 p. _bill. |
||
| 526 |
_a0 _b0 _c0 _d940_180000000000000_ATI |
||
| 650 |
_aMCE _9379 |
||
| 942 |
_2ddc _cBK |
||
| 999 |
_c549587 _d549587 |
||